000
00286nam a22001337a 4500
008
180917b xxu||||| |||| 00| 0 eng d
020
_a
9780827384347
041
_a
eng
080
_a
573
100
_a
11
101
_a
MIC
245
_a
Soil Microbiology
_c
Mark .C
942
_2
udc
_c
BK
999
_c
47866
_d
47866